Výročná správa o činnosti 2011 /

Uloženo v:
Podrobná bibliografie
Korporativní autor: Európsky dvor audítorov (Luxemburg, Luxembursko) (Původce)
Médium: Kniha
Jazyk:slovenština
Vydáno: Luxemburg : Úrad pre vydávanie publikácií Európskej únie, 2012
Témata:
ISBN:9789292375249
ISSN:1831-1334
On-line přístup: Získat plný text
Tagy: Přidat tag
Žádné tagy, Buďte první, kdo vytvoří štítek k tomuto záznamu!

MARC

LEADER 00000nam a2200000 4500
003 SK-BrCVT
005 20220618073853.0
006 aod e 000 0
008 120612s2012####lu od e 000 0slo#d
020 |a 9789292375249   |q (brož.) 
022 |a 1831-1334 
035 |a CVTIDW0013968 
040 |a CVTISR  |b slo  |c CVTISR  |e AACR2 
041 0 |a slo 
044 |a lu  |c LU 
080 |a 657.63:061(4)  |2 2008 
080 |a 336.146  |2 2008 
080 |a 339.923:061.1 EÚ  |2 2008 
110 1 |a Európsky dvor audítorov (Luxemburg, Luxembursko)  |4 org 
245 1 0 |a Výročná správa o činnosti 2011 /  |c Európsky dvor audítorov 
260 |a Luxemburg :  |b Úrad pre vydávanie publikácií Európskej únie,  |c 2012 
300 |a 49 s. :  |b fotogr., grafy, tab. ;  |c 30 cm 
500 |a Curia rationum 
610 2 7 |a Európsky dvor audítorov (Luxemburg, Luxembursko)  |2 CVTISR 
610 2 7 |a Európska únia  |2 CVTISR 
653 1 |a prehľad činnosti 
653 1 |a kontrola financií 
653 1 |a audit 
655 7 |a ročenky  |2 SNKPH 
852 |a CVTISR  |b 1 
910 |b DK02803 
919 |a 978-92-9237-524-9 
959 |a 0120 
959 |a 03 
974 |a maria.Geracsekova  |f Knihy 
992 |a ARO 
999 |c 186173  |d 186173